LEADER 01533nam--2200469---450- 001 990003065630203316 005 20090612100248.0 010 $a88-324-6456-X 035 $a000306563 035 $aUSA01000306563 035 $a(ALEPH)000306563USA01 035 $a000306563 100 $a20080218d2006----km-y0itay50------ba 101 $aita 102 $aIT 105 $a||||||||001yy 200 1 $aComunicazione pubblica, sapere & fare$fAlessandro Rovinetti 205 $a3. ed. 210 $aMilano$cIl sole 24 ore$dcopyr. 2006 215 $aXVII, 352 p.$d24 cm 225 2 $a<> libri di Guida agli enti locali 410 0$a<> libri di Guida agli enti locali$12001 454 1$12001 461 1$1001-------$12001 606 0 $aAmministrazione pubblica$xServizi di informazione 606 0 $aComunicazione 676 $a352.384 700 1$aROVINETTI,$bAlessandro$0145308 801 0$aIT$bsalbc$gISBD 912 $a990003065630203316 951 $a352.384 ROV 1 (IG V 1351)$b205003 LM$cIG V$d00067918 951 $a352.384 ROV 1a (IG V 1351)$b205004 LM$cIG V$d00067923 951 $a352.384 ROV 1b (IG V 1351)$b205005 LM$cIG V$d00067919 959 $aBK 969 $aECO 979 $aFIORELLA$b90$c20080218$lUSA01$h0935 979 $aRSIAV4$b90$c20090612$lUSA01$h1000 979 $aRSIAV4$b90$c20090612$lUSA01$h1002 979 $aCHIARA$b90$c20110519$lUSA01$h1423 979 $aCHIARA$b90$c20111012$lUSA01$h1134 996 $aComunicazione pubblica, sapere & fare$91022703 997 $aUNISA LEADER 02776oam 2200529M 450 001 9910715403003321 005 20191116081226.8 035 $a(CKB)5470000002512019 035 $a(OCoLC)1065810940 035 $a(OCoLC)995470000002512019 035 $a(EXLCZ)995470000002512019 100 $a20070221d1826 ua 0 101 0 $aeng 135 $aurcn||||||||| 181 $ctxt$2rdacontent 182 $cc$2rdamedia 183 $acr$2rdacarrier 200 10$aPledge of the U. States to the governments of Mexico and S. America. Message from the President of the United States, transmitting the information required by the resolution of the House of Representatives of the 27th instant, in relation to the instructions given to the minister of the U. States to the government of Mexico ; as also in relation to any pledge on the part of the United States to the governments of Mexico or Southern America, &c. March 30, 1826. Read, and laid upon the table 210 1$a[Washington, D.C.] :$c[publisher not identified],$d1826. 215 $a1 online resource (10 pages) 225 1 $aHouse document / 19th Congress, 1st session. House ;$vno. 142 225 1 $a[United States congressional serial set ] ;$v[serial no. 138] 300 $aBatch processed record: Metadata reviewed, not verified. Some fields updated by batch processes. 300 $aFDLP item number not assigned. 606 $aInternational relations 606 $aTerritories and possessions 606 $aAmbassadors 606 $aDiplomats 607 $aSpain$xTerritories and possessions 608 $aLegislative materials.$2lcgft 615 0$aInternational relations. 615 0$aTerritories and possessions. 615 0$aAmbassadors. 615 0$aDiplomats. 701 $aAdams$b John Quincy$f1767-1848.$0202825 701 $aClay$b Henry$f1777-1852$pRepublican-Jeffersonian (KY)$0113524 701 $aPoinsett$b Joel Roberts$f1779-1851$pParty affiliation unknown (SC)$01386742 712 02$aUnited States.$bPresident (1825-1829 : Adams) 712 02$aUnited States.$bDepartment of State. 801 0$bWYU 801 1$bWYU 801 2$bOCLCO 801 2$bOCLCQ 906 $aBOOK 912 $a9910715403003321 996 $aPledge of the U. States to the governments of Mexico and S. America. Message from the President of the United States, transmitting the information required by the resolution of the House of Representatives of the 27th instant, in relation to the instructions given to the minister of the U. States to the government of Mexico ; as also in relation to any pledge on the part of the United States to the governments of Mexico or Southern America, &c. March 30, 1826. Read, and laid upon the table$93435916 997 $aUNINA